Σεξουαλική αγωγή και οι σχέσεις των δύο φίλων

Saved in:
Bibliographic Details
Main Author: Κρεατσάς, Γεώργιος Κ., 1949-
Format: Book
Language:Greek
Published: [Αθήνα] : Ελληνικά Γράμματα, [2003]
Edition:3η έκδ.
Subjects:
Tags: Add Tag
No Tags, Be the first to tag this record!

MARC

LEADER 00000cam a2200000 i 4500
001 1/104394
008 090428s2003 gr | ||| |||| ||gre||
020 |a 9789604063185 
035 |l 10104401 
040 |a GR-MY-UA  |b gre  |e aacr 
041 0 |a gre 
082 0 |a 612.6  |2 (22) 
100 1 |a Κρεατσάς, Γεώργιος Κ.,   |d 1949- 
245 1 0 |a Σεξουαλική αγωγή και οι σχέσεις των δύο φίλων /  |c Γεώργιος Κρεατσάς 
250 |a 3η έκδ. 
260 |a [Αθήνα] :   |b Ελληνικά Γράμματα,   |c [2003] 
300 |a 287 σ.;  |b εικ. (μερ. έγχρ.), πίν., σχέδια;  |c 24 εκ. 
504 |a Βιβλιογραφία: σ. [283]-287 
650 0 0 |a Sex instruction for teenagers. 
650 0 0 |a Sexually transmitted diseases. 
650 0 0 |a Contraception. 
650 0 0 |a Climacteric. 
650 0 0 |a Puberty. 
650 0 0 |a Pregnancy. 
650 0 0 |a Narcotics. 
852 |a INST  |b LESVOS  |e 20090428  |h 612.6 ΚΡΕ  |p 005100044806  |q 005100044806  |t BK  |y 0 
901 |a BIBL1-2009-1 
909 |a Λ  |b 141293 
970 |a ΓΙΑΛΑΜΑ  |b ΜΑΡΙΑ  |z 2009/04/28